| 000 | 00420nam a2200181Ia 4500 | ||
|---|---|---|---|
| 001 | 5251 | ||
| 005 | 20260306145854.0 | ||
| 008 | 260306t2018||||xx |||||||||||||| ||spa|| | ||
| 041 | _aESP | ||
| 082 |
_a338.4791 _bM49 |
||
| 100 |
_aMezzasoma, Lorenzo _eAUT |
||
| 245 | 0 | _aTurismo y sostenibilidad | |
| 260 | _c2018 | ||
| 300 |
_a299 páginas : _c23 cm. |
||
| 650 | _aGEN | ||
| 654 | _aCAN | ||
| 942 |
_cLIB _dJUS _fJUS _2ddc _n |
||
| 999 |
_c5251 _d5251 |
||